Discursos de recepción leídos en la Real Academia de Ciencias Morales y Políticas (Record no. 173059)

MARC details
000 -LEADER
campo de control de longitud fija 02103nas a2200337 i 4500
001 - NÚMERO DE CONTROL
campo de control 173059
003 - IDENTIFICADOR DE NÚMERO DE CONTROL
campo de control ES-MaACL
005 - FECHA Y HORA DE LA ÚLTIMA TRANSACCIÓN
campo de control 20250923161115.0
007 - CAMPO FIJO DE DESCRIPCIÓN FÍSICA--INFORMACIÓN GENERAL
campo de control de longitud fija t|
008 - DATOS DE LONGITUD FIJA--INFORMACIÓN GENERAL
campo de control de longitud fija 091021c19141917sp a| | 1 ||pa d
080 ## - NÚMERO DE LA CLASIFICACIÓN DECIMAL UNIVERSAL
Número de la Clasificación Decimal Universal 3 : 061.12(460)
110 2# - ENTRADA PRINCIPAL--NOMBRE DE ENTIDAD CORPORATIVA
Nombre de entidad corporativa o nombre de jurisdicción como elemento de entrada Real Academia de Ciencias Morales y Políticas (España)
9 (RLIN) 222050
245 10 - MENCIÓN DEL TÍTULO
Título Discursos de recepción leídos en la Real Academia de Ciencias Morales y Políticas
Fechas predominantes 1914-1917.
260 ## - PUBLICACIÓN, DISTRIBUCIÓN, ETC.
Lugar de publicación, distribución, etc. Madrid :
Nombre del editor, distribuidor, etc. [s. n.],
Fecha de publicación, distribución, etc. 1914 (Est. Tip. de Jaime Ratés)
300 ## - DESCRIPCIÓN FÍSICA
Extensión 1 v. ;
Dimensiones 26 cm.
505 8# - NOTA DE CONTENIDO CON FORMATO
Nota de contenido con formato Contiene: T. XI: Abenmasarra y su escuela: orígenes de la filosofía hispano-musulmana / Miguel Asín Palacios (229 p.). Contestación / Eduardo Sanz y Escartín (p. 231-257). La crisis del derecho internacional / Joaquín Fernández Prida (p. 261-313). Contestación / Juan Armada Losada (p. 315-339). La ciudad moderna / Adolfo G. Posada (p. 342-458). Contestación / Gumersindo de Azcárate (p. 459-471). La función judicial / Tomás Montejo y Rica (542 p.). Contestación / Javier Ugarte (p. 543-559). Vida municipal / Conde de Romanones ( p. 561-682). Contestación / Vicente Santa María de Paredes (p. 683-702). La reforma social en España / Adolfo A. Buylla y G. Alegre (p. 703-781). Contestación / Rafael Altamira y Crevea (p. 783-798).
700 1# - ENTRADA AGREGADA--NOMBRE PERSONAL
Nombre de persona Asín Palacios, Miguel.
9 (RLIN) 23614
700 1# - ENTRADA AGREGADA--NOMBRE PERSONAL
Nombre de persona Sanz y Escartín, Eduardo,
Fechas asociadas al nombre 1855-1939
9 (RLIN) 103695
700 1# - ENTRADA AGREGADA--NOMBRE PERSONAL
Nombre de persona Fernández Prida, Joaquín.
9 (RLIN) 50011
700 1# - ENTRADA AGREGADA--NOMBRE PERSONAL
Nombre de persona Figueroa, Juan Armada y Losada,
Títulos y otros términos asociados al nombre Marqués de,
Fechas asociadas al nombre 1861-1932
9 (RLIN) 50781
700 1# - ENTRADA AGREGADA--NOMBRE PERSONAL
Nombre de persona Posada, Adolfo,
Fechas asociadas al nombre 1860-1944
9 (RLIN) 93316
700 1# - ENTRADA AGREGADA--NOMBRE PERSONAL
Nombre de persona Azcárate, Gumersindo de,
Fechas asociadas al nombre 1840-1917
9 (RLIN) 24243
700 1# - ENTRADA AGREGADA--NOMBRE PERSONAL
Nombre de persona Montejo y Rica, Tomás (
Fechas asociadas al nombre 1856-1933)
9 (RLIN) 82445
700 1# - ENTRADA AGREGADA--NOMBRE PERSONAL
Nombre de persona Ugarte y Pagés, Javier.
9 (RLIN) 111900
700 1# - ENTRADA AGREGADA--NOMBRE PERSONAL
Nombre de persona Santamaría de Paredes, Vicente,
Fechas asociadas al nombre 1853-1924
9 (RLIN) 103306
700 1# - ENTRADA AGREGADA--NOMBRE PERSONAL
Nombre de persona Romanones, Álvaro de Figueroa y Torres,
Títulos y otros términos asociados al nombre Conde de,
Fechas asociadas al nombre 1863-1950
9 (RLIN) 99264
700 1# - ENTRADA AGREGADA--NOMBRE PERSONAL
Nombre de persona Buylla y González Alegre, Adolfo A.,
Fechas asociadas al nombre 1850-1927
9 (RLIN) 32991
700 1# - ENTRADA AGREGADA--NOMBRE PERSONAL
Nombre de persona Altamira, Rafael,
Fechas asociadas al nombre 1866-1951
9 (RLIN) 20515
852 ## - LOCALIZACIÓN
Ubicación ES-MaACL
Número de control de estantería K-193
Holdings
Estatus retirado Estado de pérdida Estado de daño No para préstamo Colección Biblioteca de origen Biblioteca actual Ubicación en estantería Fecha de adquisición Total de préstamos Signatura topográfica completa Código de barras Visto por última vez Precio de reemplazo Tipo de ítem Koha
        Periódicos y Revistas Biblioteca del Ateneo de Madrid Biblioteca del Ateneo de Madrid Administración 21/10/2009   K-193 1181590 23/02/2023 23/02/2023 Revista